Trier Quiz Teil 2 - Statistiken

Allgemein
  • Dieses Quiz wurde 56 mal gespielt
  • Das Durchschnittsergebnis liegt bei 6 aus 10
Antwortstatistiken
Hinweis Antwort % Korrekt
Streckt sich Ende November für einen Monat über Hauptmarkt und Domfreihof Weihnachtsmarkt
86%
Nahm am ESC für Deutschland teil (...hat euch lieb) Guildo Horn
72%
Eine der drei Moselbrücken Kaiser-Wilhelm-Brücke, Römerbrücke, Konrad-Adenauer-Brücke
72%
Spielstätte von Eintracht Trier Moselstadion
70%
Verbindungsstraße zwischen Porta Nigra und Hauptmarkt Simeonstraße
58%
Flächenmäßig größter Stadtteil Ehrang/Quint
56%
Trierer Begriff für Super, Klasse Quant
47%
Vorgängerteam der Gladiators (Basketball) TBB Trier
44%
Gasse die Sichelstraße und Domfreihof verbindet Sieh um dich
35%
Dieses Event startete den Run auf den als Petrisberg bekannten Teil von Kürenz Landesgartenschau 2004
33%
Keine übereinstimmenden Quizze gefunden
Verteilung der Resultate
Anzahl Personen mit jedem Resultat
Perzentil nach korrekt beantworteten Fragen
Ihre Resultats-Entwicklung
Sie haben dieses Quiz noch nicht gespielt